Former European Countries- Flags - Statistics

General Stats
  • This quiz has been taken 43 times
  • The average score is 14 of 28
Answer Stats
Picture Answer % Correct
Austria-Hungary
89%
Great Britain
89%
Kingdom of England
89%
Prussia
89%
Yugoslavia
89%
East Germany
86%
Kingdom of Scotland
86%
Kingdom of Italy
80%
Czechoslovakia
77%
Kingdom of Hungary
77%
West Germany
74%
Holy Roman Empire
63%
Corsica
54%
German Empire
54%
Vichy France
54%
Austrian Empire
34%
Free City of Danzig
34%
Golden Horde
34%
Irish Free State
34%
Kingdom of Sicily
31%
Republic of Crimea
26%
Tsardom of Russia
23%
Transylvania
20%
Kingdom of Yugoslavia
17%
United Kingdoms of Sweden and Norway
17%
Kingdom of Bosnia
14%
Kingdom of Bohemia
9%
First Hellenic Republic
6%
No matching quizzes found
Score Distribution
Percent of People with Each Score
Percentile by Number Answered
Your Score History
You have not taken this quiz